000 00723cam a2200229 4500500
005 20260405004114.0
041 _afre
042 _adc
100 1 0 _aLacroix, Samuel
_eauthor
245 0 0 _aRécits : rencontre avec la philosophie
260 _c2023.
500 _a70
690 _aBarbara Cassin
690 _aCatherine Malabou
690 _aDécouverte
690 _aFrancis Wolff
690 _aFrançois Laruelle
690 _aManon Garcia
690 _aPhilosophe
786 0 _nPhilosophie magazine - Hors séries | Hors série - Autome 2023 | HS59 | 2023-10-01 | p. 1-1 | 2104-9246
856 4 1 _uhttps://shs.cairn.info/magazine-philosophie-magazine-2023-hs59-page-1?lang=fr&redirect-ssocas=7080
999 _c2073747
_d2073747